| 000 | 00852nam a22001697a 4500 | ||
|---|---|---|---|
| 003 | OSt | ||
| 005 | 20250619103337.0 | ||
| 008 | 230518s1971 |||||||| |||| 00| f eng d | ||
| 020 | _a9780140389661 | ||
| 040 |
_aCO-JMCR _bspa _cCO-JMCR |
||
| 041 | 0 | _aeng | |
| 082 |
_aJ-N _bHINt |
||
| 100 |
_aHinton, Susan Eloise / _eautora _942741 |
||
| 245 | 1 | 0 |
_athat was then, this is now / _cS. E. Hinton |
| 520 | _aSince childhood, Bryon and Mark have been as close as brothers. Now things are changing. Bryon's growing up, spending a lot of time with girls, and thinking seriously about who he wants to be. Mark still just lives for the thrill of the moment. The two are growing apart - but holding on - until Bryon makes a shocking discovery about Mark. Then Bryon faces a terrible decision - one that will change both of their lives forever. | ||
| 942 |
_2ddc _cBK |
||
| 999 |
_c30042 _d16426 |
||